[Recull de premsa sobre els Centres Assitencials Dr. Emili Mira i López [Recurs electrònic] : 1928 - 2004] 1928 - 2004]
Descripción Física:
1 disc òptic (CD-ROM) ; 12 cm
MARC
| LEADER | 00000nam a2200000Ia 4500 | ||
|---|---|---|---|
| 001 | 22963 | ||
| 008 | 160829s1928-2004 xx 000 0 cat d | ||
| 080 | |a CD-1-169 | ||
| 245 | |a [Recull de premsa sobre els Centres Assitencials Dr. Emili Mira i López [Recurs electrònic] : |b 1928 - 2004] | ||
| 260 | |a [s.l. : |b s.n.], |c 1928-2004 | ||
| 300 | |a 1 disc òptic (CD-ROM) ; |c 12 cm | ||
| 590 | |a Núm. de full registral: 4766 | ||
| 650 | |a Clínica Mental de la Diputació de Barcelona |x Reculls de premsa |9 41381 | ||
| 650 | |a Centres Assistencials Torribera |x Reculls de premsa |9 41382 | ||
| 650 | |a Centres Assitencials Dr. Emili Mira i López |x Reculls de premsa |9 41383 | ||
| 710 | 2 | |a Centres Assistencials Torribera (Santa Coloma de Gramenet) |9 52937 | |
| 710 | 2 | |a Centres Assistencials Dr. Emili Mira i López |9 52938 | |
| 710 | 2 | |a Clínica Mental (Santa Coloma de Gramenet, Catalunya) |9 54649 | |
| 901 | |a Arxiu | ||
| 942 | |n 1 | ||
| 952 | |0 0 |1 0 |4 0 |6 CD1169 |7 1 |9 50183 |a Arxiu |b Arxiu |d 2016-12-01 |l 0 |o CD-1-169 |p 22963 |r 2016-12-01 00:00:00 |w 2016-12-01 |y ARXIU | ||
| 999 | |c 54025 |d 54025 | ||